| 000 | 00678nam a22002057a 4500 | ||
|---|---|---|---|
| 999 |
_c19386 _d19386 |
||
| 003 | AR-CdUCM | ||
| 008 | 190517b ||||| |||| 00| 0 spa d | ||
| 040 |
_aMUNICIPALIDAD PROVINCIAL DEL CUSCO _cBIBLIOTECA MUNICIPAL DEL CUSCO |
||
| 082 |
_22ed. _a375.49 / _bK38 |
||
| 100 |
_aKemp, Jerrold E. _96253 |
||
| 245 | _aPlanificación y producción de materiales audiovisuales / | ||
| 260 |
_aMexico : _bCentro regional de ayuda tecnica, _bILCE, _bRRI, _c1973 |
||
| 300 |
_a392 paginas ; _c27 cm. |
||
| 500 | _aAudiovisualismo | ||
| 650 |
_aAudiovisual _91615 |
||
| 650 |
_aEnseñanza _91616 |
||
| 700 |
_aSigg Vega, Luisa _940697 |
||
| 942 |
_2ddc _cLIBROS |
||
| 945 |
_apjha _d019-05-17 |
||